Komplexní řízení jakosti v podniku pozemního stavitelství /

Salvato in:
Dettagli Bibliografici
Autori principali: Matějka, Z (Autore), Kubát, V (Autore)
Natura: Libro
Lingua:ceco
Pubblicazione: Praha : Úřad pro normalizaci a měření, 1971
Tags: Aggiungi Tag
Nessun Tag, puoi essere il primo ad aggiungerne!!

MARC

LEADER 00000nam a22000003a 4500
001 stu39019
005 20150617225723.4
008 921211s1971----cs------------------cze-d
040 |a STU  |b slo 
041 0 |a cze 
044 |a cs 
100 1 |a Matějka, Z  |4 aut 
245 1 |a Komplexní řízení jakosti v podniku pozemního stavitelství /  |c [aut.]Z. Matějka, V. Kubát 
260 |a Praha :  |b Úřad pro normalizaci a měření,  |c 1971 
300 |a 102 s 
700 1 |a Kubát, V  |4 aut 
996 |b 284M012711  |c M*5474-1  |l MMKN  |s A  |a 24  |w stu39019_0001